[Event "Politiken Cup 18th"]
[Site "Copenhagen"]
[Date "1996.??.??"]
[Round "6"]
[White "Hansen, Sune Berg"]
[Black "Petursson, Margeir"]
[Result "1-0"]
[WhiteElo "2495"]
[BlackElo "2585"]
[Annotator "Schulz,Andre"]
[PlyCount "89"]
[EventDate "1996.06.??"]
[EventType "swiss"]
[EventRounds "11"]
[EventCountry "DEN"]
[SourceTitle "CBM 054"]
[Source "ChessBase"]
[SourceDate "1996.10.01"]
[SourceVersion "1"]
[SourceVersionDate "1996.10.01"]
[SourceQuality "1"]

1. e4 {Johnson,M Baburin} c5 2. Nf3 Nc6 3. d4 cxd4 4. Nxd4 g6 5. Nc3 Bg7 6. Be3
Nf6 7. Bc4 O-O 8. Bb3 d6 9. f3 Bd7 10. Qe2 {Johnson: This unusual move became
popular for a while during the sixties following it's introduction by Paul
Keres Mit diesem Damenzug statt dem üblichen Qd2 verfolgt Weiß einen ganz
anderen Plan, als sonst üblich. Das schwarze Gegenspiel am Damenflügel ist
meist mit dem Manöver Nc6-e5-c4 verbunden. Schlägt Weiß dann den Springer auf
c4, dann ist der Bb3 beseitigt und ein R auf c4 schaut auf Nd4 und vor allem
Nc3. Außerdem ist mit dem Bb3 eine wichtige Verteidigungsfigur verschwunden
und die Wege nach den Schutzbauern a2 und b2 sind freigelegt. Schlägt Weiß
nicht auf c4, dann ist die Sicht des Bb3 nach f7 versperrt, der Be3 muß ziehen
oder wird abgetauscht und taktische Schläge wie Nc4xb2 liegen in der Luft. Mit
Q nach e2 kommt Schwarz zwar erstmal nicht zu dem Angriffsmanöver Bh6, hat
aber eine viel bessere Kontrolle über den Punkt c4 und schränkt damit das
schwarze Gegenspiel ein. Der Nc6 kann z.B. nicht gut auf e5 geparkt werden,
weil Schwarz immer mit f3-f4 rechnen muß, was sonst bei "normaler"
Damenstellung auf d2 wegen Nc4 meist nichts bringt. Später, wenn das schwarze
Gegenspiel erstickt ist, kann die Dame nach d2 gehen und zum eigentlichen
Angriffsplan zurückkehren. Der Zug 10.Qe2 ist eine hübsche Methode, Schwarz
von seinen Schablonen abzuhalten und aus dem Konzept zu bringen. Ein
auffälliger Nachteil ist, daß der Nd4 nun nicht mehr das Rückzugsfeld e2 hat.
Nach Wegzug des schwarzen Nc6 und der Vorbereitung a6 droht e7-e5 mit
Springergewinn.} Na5 {bereitet u.A gelegentliches e5 vor (nach dem
vorbereitenden a6).} (10... Qa5 $5 11. O-O-O Rac8 12. Kb1 a6 13. g4 (13. Qf2 $5
) 13... Ne5 14. Nd5 Nxd5 15. exd5 $10 {0-1 Krakops,M-Vescovi,G/WchJM-U16
Bratislava (05) ;TD 93\05 1993 (44)}) (10... Rc8 11. O-O-O Na5 12. Qd3 $6 (12.
Kb1 $142) 12... Nxb3+ $2 (12... a6) 13. axb3 $6 {1-0 Berzinsh,R-Polak,T/
Stockerau (02) ;EXT 93 1993 (42)} (13. cxb3 $142)) (10... Nxd4 $6 11. Bxd4 Qa5
(11... a5 12. a4 $5 {/\ 0-0}) 12. O-O-O Rac8 13. Kb1 b5 $2 (13... Rfe8) 14.
Bxf6 exf6 15. Rxd6 $18 {1-0 Borge,N-Jonasson,B/Reykjavik op (06) ;CBM 52 1996 
(41)}) 11. O-O-O Nxb3+ $2 {Dieser Tausch gefällt mir nicht: 1. stellt Bb3 im
Moment keinerlei Bedrohung dar, 2. deckt nun ein Bauer zuverlässig das Feld c4
3. wird die c-Linie für Weiß geöffnet und Weiß kann dort jedes Spiel
neutralisieren 4. ist die weiße Rochadestellung durch die Doppelbauern b2/b3
auf der b-Linie und die Bauern b3/a2 auf der Diagonalen e6-a2 viel schwerer zu
knacken. [#]How should White recapture the knight now?} (11... a6 {/\ e5-+} 12.
Qd2 b5 {Schwarz versucht aus dem Tempogewinn a6 einen Vorteil zu ziehen.} (
12... Rc8 13. h4 Nc4 (13... h5 $5 14. Bg5 Rc5 {Hier steht der N auf a5 statt
auf e5. Es ist mir nicht ganz klar, ob das wirklich für Schwarz ein Nachteil
ist. Spontan würde man denken, daß es ein Nachteil ist, denn ein Ne5 hat eine
viel bessere Wirkung, weil er die wichtigen Felder g4,g4f,f3 kontrolliert.
Andererseits ist der Bb3 eine wichtige weiße Angriffsfigur und die Möglichkeit,
ihn einfach abtauschen zu können, bringt wichtige Entlastung in vielen
Varianten.}) 14. Bxc4 Rxc4 15. h5 Nxh5 16. g4 Nf6 $14 {ergibt eine bekannte
Stellungm mit dem Unterschied, daß der Bauer auf a6 statt a7 steht, was
keinerlei Rolle spielt.}) 13. Kb1 Rc8 (13... Nc4 $5 14. Bxc4 bxc4 {mit
Spielmöglichkeit auf der b-Linie.}) 14. g4 b4 15. Nd5 Nxd5 16. exd5 Nc4 17.
Bxc4 Rxc4 18. h4 Qa8 19. h5 Rfc8 $2 (19... Qxd5 {Jetzt oder nie.} 20. Nf5 (20.
Qh2 Bxd4 21. hxg6 h5 $1) 20... Qxd2 21. Nxe7+ Kh8 22. Rxd2 Re8 $10) 20. hxg6
fxg6 21. Qh2 Qxd5 $2 (21... h6 $5) 22. Qxh7+ Kf8 23. Bh6 Qg8 24. Qxg6 Bxh6 25.
Qxh6+ Qg7 26. Qf4+ Ke8 27. Qe4 Kd8 28. Rh7 Qf6 29. g5 Qxg5 30. Ne6+ Bxe6 31.
Qxe6 R8c6 32. Rxd6+ Rxd6 33. Rh8+ Kc7 34. Qxc4+ Rc6 35. Qd4 a5 36. a4 Kb7 37.
Qd8 Qf5 38. Qa8+ Kc7 39. Qa7+ Kd6 40. Qd4+ Kc7 41. Qa7+ Kd6 42. Qd4+ Kc7 43.
Qd8+ Kb7 44. Qb8+ Ka6 45. Qa8+ Kb6 46. Rb8+ Kc7 47. Rb7+ {1-0 Hansen,
SuB-Larsen,B/Aars (06) ;CBM 50 1995}) (11... Rc8 $5) 12. cxb3 $1 {Dieses
Schlagen hat auch den Vorteil, daß der Nd4 ein Rückzugsfeld für Notfälle
bekommt. Baburin: The best way of recapturing in this position. 12 Nxb3 is not
as strong, while 12 axb would be bad, as that would allow Black to open the
a-file after ...a7-a5-a4. 12 cxb looks unusual, yet this is a standard
technique in such positions - the king goes to b1, the rook moves to c1 and
the White's monarch is perfectly safe!} (12. axb3 Qa5 13. Kb1 a6 14. Qd2 Rfc8
15. g4 b5 16. h4 b4 17. Na2 Rab8 18. h5 e5 19. Nf5 Bxf5 20. gxf5 Nxh5 21. Rxh5
gxh5 22. Bh6 Qc5 23. Qg2 Qxc2+ 24. Qxc2 Rxc2 25. Rg1 Rf2 26. Rxg7+ Kh8 27. Rxf7
Rg2 28. f4 h4 29. fxe5 dxe5 30. Rd7 h3 31. f6 h2 32. Bg7+ Kg8 {0-1 Berzinsh,
R-Sluka,R/CZE-chT qual (02) ;EXT 95ch 1995}) 12... Qa5 {Deviating from Hector,
J-Petursson,M (Nordic zt 1992) which continued} (12... a6 13. Kb1 b5 14. Rc1
Qb8 (14... Rc8 {Johnson,M} 15. Qd2 b4 16. Nce2 a5 17. g4 e5 18. Rxc8 Qxc8 19.
Nc2 Qa6 20. Ng3 Rc8 21. Rd1 Qc6 $2 (21... Bf8 22. Bh6 Bxh6 23. Qxh6 Be6 24. Qd2
Ne8 25. Nf5 Qa7 26. Nfe3 Kg7 27. h4 Rc5 28. h5 Qb7 29. Ne1 Qb5 30. Nd3 Rc7 31.
Nf5+ {1/2-1/2 Hector,J-Johnson,M/Corr SSKK 40 1993}) 22. g5 Ne8 23. Bf2 Be6 24.
Ne3 a4 25. Nd5 Bxd5 26. exd5 Qb5 27. Qd3 Qa5 28. bxa4 Qxa4 29. Ne4 Ra8 30. Qb3
Qxb3 31. axb3 {and Black has a positionally lost endgame 1-0(60)}) 15. Qd2 Qb7
16. g4 b4 17. Na4 Bxa4 18. bxa4 Rac8 19. h3 Nd7 20. Nb3 Ne5 21. Qe2 Rxc1+ 22.
Rxc1 Rc8 23. Rxc8+ Qxc8 24. Nd2 Qc6 25. f4 Nd7 26. a5 e6 27. Qc4 Qb7 28. Bb6 d5
29. Qxb4 Bh6 30. e5 g5 31. f5 exf5 32. gxf5 Bf8 33. Qd4 Qc6 34. Qe3 h6 35. e6
fxe6 36. fxe6 Nf6 37. Bd4 Be7 38. Qe5 Qa4 39. Nb3 Qc4 40. Qf5 Kg7 41. Qf3 Kg6
42. a3 h5 43. Ka2 Qc2 44. Qf1 Qc4 45. Qf2 Qd3 46. Nc5 Qxh3 47. Bxf6 Bxc5 48.
Qxc5 Qxe6 {Hector,J-Brynell,S/Malmo (01) ;CBM 48 1995/1-0 (69)}) (12... Rc8 13.
Kb1 a6 14. h4 h5 15. Ka1 Qa5 16. Qd2 Rfd8 17. Bg5 Re8 18. Nde2 Be6 19. Nd4 {
1/2-1/2 Berzinsh,R-Maidla,G/EU-chT Debrecen (03) EST-LAT ;EU-chT 1992}) 13. Kb1
Rab8 (13... Kh8 14. g4 Rab8 15. g5 Nh5 16. Qd2 b5 17. Nde2 Be6 18. Bd4 {
1/2-1/2 Sax,G-Petursson,M/Aarhus (04) ;EXT 93 1993}) 14. g4 b5 15. g5 Nh5 16.
Nd5 Rfe8 17. a3 Rb7 (17... Qd8 $1 {Johnson,M with the idea 18...a5}) 18. b4 Qd8
19. Nb3 {Black's plans haven't worked out very well, White has managed to
obtain a firm grip on the queenside and Black will not be able to generate
counterplay there} e6 20. Nf4 Nxf4 21. Bxf4 e5 22. Be3 Qe7 23. Rc1 a6 24. Na5
Rbb8 25. Nc6 Bxc6 26. Rxc6 Ra8 {Black is totally passive and objectively lost}
27. Qd2 Bf8 28. Qd5 Qd7 29. Rhc1 Rec8 30. h4 Be7 31. f4 exf4 32. Bxf4 Bf8 33.
Bxd6 Bxd6 34. Rxd6 Rxc1+ 35. Kxc1 Rc8+ 36. Kb1 Qg4 37. Rf6 Rf8 38. e5 Qxh4 39.
e6 Qe1+ 40. Ka2 Qe2 41. exf7+ Kg7 42. Rf4 h5 43. gxh6+ Kh7 44. Qd6 Qh5 45. Rf2
1-0

[Event "Oxford GM-A"]
[Site "Oxford"]
[Date "1998.12.23"]
[Round "9"]
[White "Sutovsky, Emil"]
[Black "Hodgson, Julian M"]
[Result "1-0"]
[WhiteElo "2575"]
[BlackElo "2575"]
[Annotator "Schulz,Andre"]
[PlyCount "63"]
[EventDate "1998.12.14"]
[EventType "tourn"]
[EventRounds "9"]
[EventCountry "ENG"]
[EventCategory "11"]
[SourceTitle "CBM 069"]
[Source "ChessBase"]
[SourceDate "1999.04.01"]
[SourceVersion "1"]
[SourceVersionDate "1999.04.01"]
[SourceQuality "1"]

1. e4 c5 2. Nf3 d6 3. d4 cxd4 4. Nxd4 Nf6 5. Nc3 g6 6. Be3 Bg7 7. f3 O-O 8. Qd2
Nc6 9. O-O-O {Im Britsih Chess Magazine schreibt Nunn, daß er im CB7 Baum der
Sutovski-Partien auf den ersten Blick gesehen habe, daß man nicht Sizilianisch
spielen darf, weil Sutovskij dort einen Erfolg von 71% habe. Deshalb hat Nunn
im gleichen Turnier 1...e5 gespielt (und remis erreicht) und sich gewundert,
daß Hodgson sich auf Sizilianisch einlässt.} Bd7 10. Kb1 Rc8 11. g4 Ne5 12. h4
Qa5 {Auch diese Stellung ist statistisch erfasst. Die schwarzen
Erfolgsaussichten betragen 25%, oder anders: Weiß gewinnt zu 75%. Ich glaube,
man kann feststellen, daß sich 9...Ld7 nach 9.0-0-0 in der Praxis nicht
bewährt hat.} 13. Be2 $1 {Damit deutet Weiß an, daß er Schwarz keinerlei Spaß
gönnen möchte. Der Zug deckt f3 und verteidigt sich gegen Einschläge.} ({
Das Spaßabspiel ist} 13. h5 Rxc3 14. Qxc3 Qxc3 15. bxc3 Nxf3 {und jetzt ist}
16. h6 {am genausten} Bh8 17. Nxf3 Bxg4 18. Bg2 Nxe4 19. Rd3 Nxc3+ 20. Kb2 {
Schwarz hat vier Bauern für einen Turm.}) ({Nach Kb1 kann man im Drachen meist
nicht Da5 spielen wegen} 13. Nd5 {Dies hier ist eine Ausnahme.} Qxd2 14. Nxe7+
Kh8 15. Rxd2 Rce8 {[%csl Re3]}) 13... Rxc3 ({Nach} 13... Nc4 14. Bxc4 Rxc4 {
hat Weiß gegenüber den Varianten nach 9.Lc4 ein Tempo mehr (Dort zieht der
Läufer f1-c4-b3xc4: hier: Lf1-e2xc4). Vielleicht es aber totzdem das Beste.})
14. Qxc3 Qxc3 15. bxc3 Rc8 16. Kb2 (16. Nb3) 16... Be8 {[%cal Ye5d7,Yd7c5,
Yc5a4]} 17. h5 Nfd7 18. hxg6 hxg6 19. Bh6 $1 {Der schwarze Plan lautet Lxg7 
(gleich oder später), Th2, Tdh1, g5 und f4 mit großen Problemen. Schwarz
versucht deshalb den Abtausch des Lg7 zu vermeiden.} Bf6 20. g5 $1 {Sperrt
sich selbst den Lh6 ein. Die Pointe ist, daß der Läufer nach Turmverdoppelung
immer einen Abzug nach g7 oder h6 hat.} Bh8 21. Rh2 Nc4+ {Zieht der Sd7, kann
immer sofort Lf8 kommen.} 22. Bxc4 Rxc4 23. Rdh1 Be5 24. Rh4 {[%cal Rf3f4]} Bg3
25. R4h3 Be5 26. Ne2 e6 27. f4 Bh8 28. Bf8 Nxf8 (28... Bg7 29. Bxg7 Kxg7 30.
Ng3 $18 Z0 $140 31. f5) 29. Rxh8+ Kg7 30. f5 gxf5 31. exf5 exf5 32. Ng3 (32.
Ng3 Z0 $140 33. R1h6 Z0 34. Nh5#) 1-0

[Event "ARG-ch"]
[Site "Buenos Aires"]
[Date "1998.04.20"]
[Round "5"]
[White "Slipak, Sergio"]
[Black "Spangenberg, Hugo"]
[Result "1/2-1/2"]
[WhiteElo "2510"]
[BlackElo "2530"]
[Annotator "Schulz,Andre"]
[PlyCount "56"]
[EventDate "1998.04.15"]
[EventType "tourn"]
[EventRounds "15"]
[EventCountry "ARG"]
[EventCategory "9"]
[SourceTitle "CBM 065"]
[Source "ChessBase"]
[SourceDate "1998.08.06"]
[SourceVersion "1"]
[SourceVersionDate "1998.08.06"]
[SourceQuality "1"]

{[%mdl 32768]} 1. e4 c5 {[#] (2) 0.09/1} 2. Nf3 {[#] (2) 0.25/7} d6 3. d4 cxd4
4. Nxd4 Nf6 5. Nc3 g6 6. Be3 Bg7 7. f3 Nc6 8. Qd2 O-O 9. O-O-O Nxd4 {[#] (1)
-0.31/1} 10. Bxd4 Be6 11. Kb1 {Die Pointe dieses Zuges ist, daß der nächste
schwarze Zug nicht geht, bzw. nicht gehen sollte.} Qa5 {Sieht man sonst nur in
Amateurpartien. Die spannende Frage ist, ob der junge argentinische
Großmeister den Zug mit Absicht gemacht hat, oder ob er mit der folgenden
Abwicklung nicht vertraut war. [#] (2) -0.44/4} (11... Qc7 {gilt als Pflicht.})
12. Nd5 {[#] (2) 1.06/3} Qd8 {[#] (2) -1.16/5} ({Ganz schlimm ist} 12... Qxd2
13. Nxe7+) 13. Nxf6+ {[#] (2) 0.88/1} exf6 $16 {[%csl Rd6,Rf6] Schwarz hat nun
einen Doppelbauern auf f6, der den sonst gefährlichen B auf g7 behindert und
einen schwachen Einzelbauern auf d6. Seltsamerweise verliert er die Partie
nicht. [#] (2) -1.03/2} 14. Bc3 {[#] (2) 1.00/8} Qb6 {[#] (2) -1.16/1} 15. Qd4
$2 {Das ist offenbar nicht die richtige Methode die schwarzen Schwächen
auszunutzen. [#] (2) 1.00/6} (15. Qxd6 $4 Rfd8 $19 {[#] (2) -1.69/1}) (15. Qf4
$5 Rfc8 {[#] (2) -0.81/9} (15... Rfd8 16. Bxf6 {[#] (2) 1.06/3}) 16. Rxd6 {
[#] (2) 0.97/6} Qc7 {[#] (1) -5.34/1} 17. Be2 {[#] (2) -4.97/1} Bf8 $140 $2 {
[#] (2) -1.25/6} 18. Qxf6 {[#] (2) 2.34/5}) 15... Qxd4 {[#] (2) -0.66/3} 16.
Bxd4 {[#] (2) 0.53/9} d5 $1 {Löst den schwachen Bauern auf. [#] (2) -0.63/1}
17. exd5 {[#] (2) 0.78/6} (17. Bd3) 17... Bxd5 {[#] (2) -0.72/3} 18. Bd3 {
[#] (2) 0.78/3} Rfd8 {[#] (2) -0.53/4} 19. c3 {Vom einstigen weißen Vorteil
sit nicht mehr viel übrig geblieben. [#] (2) 0.56/5} f5 {[#] (2) -0.63/4} 20.
Bc2 {[#] (2) 0.44/6} Bxd4 {[#] (2) -0.44/1} 21. Rxd4 {[#] (2) 0.91/4} Bc6 {
[#] (2) -0.50/5} 22. Rhd1 {[#] (2) 0.72/2} Rxd4 {[#] (2) -0.78/1} 23. cxd4 {
[#] (2) 0.22/10} Bd5 {[#] (2) -0.50/2} 24. Bd3 {[#] (2) 0.63/1} Kf8 25. b3 {
[#] (2) -0.13/1} Ke7 {[#] (2) -2.53/1} 26. Kc2 {[#] (1) -2.00/1} Kd6 {[#] (2)
-0.03/5} 27. Bc4 {[#] (2) 0.00/2} Re8 {[#] (2) -0.06/6} 28. Kd2 Rc8 {[#] (2) 0.
00/4} 1/2-1/2

[Event "Reggio Emilia 9900 42nd"]
[Site "Reggio Emilia"]
[Date "1999.12.30"]
[Round "4"]
[White "Drei, Andrea"]
[Black "Aldrovandi, Costantino"]
[Result "1/2-1/2"]
[WhiteElo "2349"]
[BlackElo "2350"]
[Annotator "Schulz,Andre"]
[PlyCount "62"]
[EventDate "1999.12.27"]
[EventType "tourn"]
[EventRounds "9"]
[EventCountry "ITA"]
[EventCategory "8"]
[SourceTitle "CBM 075"]
[Source "ChessBase"]
[SourceDate "2000.04.05"]
[SourceVersion "1"]
[SourceVersionDate "2000.04.05"]
[SourceQuality "1"]

1. e4 c5 2. Nf3 d6 3. d4 cxd4 4. Nxd4 Nf6 5. Nc3 g6 6. Be3 Bg7 7. f3 O-O 8. Qd2
Nc6 9. O-O-O d5 10. exd5 Nxd5 11. Nxc6 bxc6 12. Bd4 e5 13. Bc5 Be6 14. Ne4 Rb8
{Ein schärferer Versuch gegenüber dem üblichen} (14... Re8) 15. Bc4 Rb7 {
Eine neue Idee.} ({Die Einschätzung nach} 15... Re8 16. h4 h6 17. g4 {ist noch
offen.}) 16. Bb3 Rd7 17. Bxf8 Bxf8 (17... Qxf8 $5) 18. c4 Nf4 19. Qxd7 Bxd7 20.
Rxd7 Qa5 (20... Qxd7 $4 21. Nf6+ $18) 21. c5 $16 Nd5 22. Kb1 (22. Kb1 Z0 23.
Bxd5 $140) 22... Qb5 23. Rd1 (23. Bxd5 cxd5 24. Rxd5 Qe2 $140 25. Rd2 $18)
23... Qe2 24. Nc3 Nxc3+ 25. bxc3 Bxc5 26. Bxf7+ Kf8 27. Bb3 Be3 28. Rxh7 Bd2
29. Rxa7 $2 (29. Rf7+ Ke8 30. Rb7 $18 {[%cal Gb7b5]} Z0 31. Ba4 $140 {[%cal
Ra4c6,Rb7b2]}) 29... Qd3+ 30. Bc2 Qb5+ 31. Bb3 Qd3+ 1/2-1/2

[Event "Ciocaltea Memorial"]
[Site "Bucharest"]
[Date "1998.??.??"]
[Round "2"]
[White "Nevednichy, Vladislav"]
[Black "Aronian, Levon"]
[Result "1-0"]
[WhiteElo "2550"]
[BlackElo "2455"]
[Annotator "Schulz,Andre"]
[PlyCount "79"]
[EventDate "1998.02.??"]
[EventType "tourn"]
[EventRounds "13"]
[EventCountry "ROU"]
[EventCategory "11"]
[SourceTitle "CBM 064"]
[Source "ChessBase"]
[SourceDate "1998.06.02"]
[SourceVersion "1"]
[SourceVersionDate "1998.06.02"]
[SourceQuality "1"]

1. e4 c5 2. Nf3 d6 3. d4 cxd4 4. Nxd4 Nf6 5. Nc3 g6 6. Be3 Bg7 7. f3 Nc6 8. Bc4
O-O 9. Bb3 Bd7 10. Nde2 {Nevednichi hat früher ausschließlich Varianten mit 3.
Bb5 gegen Sizilianisch gespielt und ist erst in jüngster Zeit dazu
übergegangen 3.d4 zu spielen. Den Zug 10.Sde2 sieht man an dieser Stelle
höchstselten. Es geht einfach darum möglichst schnell die Theoriepfade zu
verlassen.} (10. Qd2 {führt zu bekannten Bildern, wenn Schwarz mit Rc8, Ne5
oder Qa5 fortsetzt. Falls Weiß wie hier früh den B nach b3 zieht, gibt es die
Zusatzoption} Nxd4 11. Bxd4 b5) 10... Rc8 (10... Rb8 {0-1 Bologan,V-Georgiev,K/
EU-chT 1992/EU-chT/[Blatny,P] (48)}) 11. Nf4 Ne5 12. Qe2 Qa5 13. O-O (13. O-O-O
b5) 13... Rfe8 {Prophylaxe gegen das zu erwartende Nd5. Das Feld e7 wird
überdeckt und Schwarz könnte mit e7-e6 antworten.} (13... b5) 14. Rad1 b5 15.
Qf2 b4 16. Ncd5 Bb5 17. Rfe1 Nfd7 18. Qh4 {[%cal Rh4e7]} ({Nach} 18. Bxa7 e6 {
stehen sich die weißen Figuren gegenseitig im Weg, z.B.:} 19. Nb6 Qxa7 20. Nxc8
Qxf2+ 21. Kxf2 Rxc8 {Schwarz hat zwei Leichtfiguren für einen Turm.}) 18... Nc6
19. Nh3 {[%cal Rh3g5] Räumt nicht nur f4 für den anderen Springer, sondern
droht auch etwas.} e6 20. Ndf4 Qc7 21. Ng5 {[%csl Re6,Rh7][%cal Yb3g8] Neben
Qxh7 ist die Hauptdrohung ein Springereinschlag auf e6.} Nf8 22. Qg3 Bxb2 23.
h4 a5 {[%csl Rb3][%cal Ya5a4]} (23... Bg7 $5) (23... Be5 $5) 24. c4 bxc3 25. h5
a4 26. Nxh7 $1 Kxh7 27. hxg6+ fxg6 28. Qh3+ Kg8 29. Nxe6 {Neben den direkten
Drohungen hat weiß vor allem die Angriffszüge Rd5 und Kf2 (/\ Rh1) zur
Verfügung.} axb3 $2 (29... Rxe6 $2 30. Bxe6+ Nxe6 31. Qxe6+ Kh8 (31... Kg7 32.
Rxd6 $18) 32. Kf2 $18) (29... Qe7 $142) 30. Nxc7 Rxc7 31. axb3 Ba3 $2 (31...
Nb4 $142) 32. Rd5 $18 Re5 33. Ra1 Rh7 34. Qg3 Bb2 35. Ra8 Rg7 36. Rxd6 c2 37.
Qf4 Nb8 38. Rxb8 Be8 39. Bc1 Ba1 40. Rdd8 1-0

[Event "Hoogovens-B"]
[Site "Wijk aan Zee"]
[Date "1998.01.28"]
[Round "8"]
[White "Kobalia, Mihail"]
[Black "Alterman, Boris"]
[Result "1-0"]
[WhiteElo "2500"]
[BlackElo "2615"]
[Annotator "Schulz,Andre"]
[PlyCount "113"]
[EventDate "1998.01.20"]
[EventType "tourn"]
[EventRounds "11"]
[EventCountry "NED"]
[EventCategory "10"]
[SourceTitle "CBM 063"]
[Source "ChessBase"]
[SourceDate "1998.03.26"]
[SourceVersion "1"]
[SourceVersionDate "1998.03.26"]
[SourceQuality "1"]

1. e4 {Rodriguez,Am} c5 2. Nf3 d6 3. d4 cxd4 4. Nxd4 Nf6 5. Nc3 g6 6. Be3 Bg7
7. f3 Nc6 8. Qd2 O-O 9. O-O-O d5 10. exd5 Nxd5 11. Nxc6 bxc6 12. Bd4 e5 13. Bc5
Re8 {Diese Variante spielt Alterman regelmäßig.} ({Die Hauptvariante ist} 13...
Be6) 14. Ne4 (14. Nxd5 Qxd5 15. Qxd5 cxd5 16. Rxd5 Be6 17. Rd6 Bxa2 $14 {
führt zu einem Endspiel, in dem Schwarz bestenfalls Remis hat.}) 14... f5 15.
Nd6 (15. Bc4 fxe4 16. fxe4 Qh4 17. Qd3 Kh8 18. exd5 Bf5 19. Qe2 cxd5 20. Rxd5
Rac8 $44 {1/2-1/2 Van der Wiel,J-Alterman,B/ISR-NLD m rapid 1995/EXT 97 (26)})
15... Bf8 16. Bb5 Bd7 (16... cxb5 17. Qxd5+ Be6 18. Qxe5 Bg7 19. Qe3 Qa5 20.
Nxe8 Bxb2+ 21. Kxb2 Qxa2+ 22. Kc1 $18) 17. c4 (17. Rhe1 Re6 (17... Qb8 18. Nxe8
Bxc5 19. Bc4 $18) 18. Nb7 Qc7 (18... Qf6 19. Bc4 $16) 19. Ba6 Bc8 (19... Rb8
20. Bxf8 Kxf8 21. Nc5 $16) 20. Bxf8 Bxb7 21. Bxb7 Qxb7 (21... Rxf8 22. Bxc6 $1
$18) 22. Ba3 Qa6 $11 (22... a5 23. b3 a4 24. Bb2 axb3 25. axb3 Rae8 26. c4 (26.
g3 $1 $16) 26... Nf6 27. Kc2 Qf7 28. Qc3 h6 29. Re2 Kh7 30. Red2 Qe7 $10 {
Beliavsky,A-Khalifman,A Belgrade (4) 1993 1/2 43}) 23. Kb1 (23. g4 $2 fxg4 24.
fxg4 Qc4 $15 {[%cal Gc4g4,Gc4a2]}) 23... Rae8 24. Qd3 (24. g4 $5) 24... Qxd3
25. cxd3 (25. Rxd3 e4 $15) 25... h5 26. Bc5 {1/2-1/2 Georgiev,K-Alterman,B/
Elenite 1995/CBM 50/[Boensch,U]}) 17... Bxd6 {It is hard to find a better
alternative.} (17... Re6 $4 18. cxd5 $18) (17... Rb8 $2 18. Ba4 $18) (17... e4
$6 18. fxe4 fxe4 19. Ba4 (19. Nxe8 $2 Bxc5 20. cxd5 cxb5 21. Qc3 Qxe8 $19)
19... e3 20. Bxe3 Bxd6 21. cxd5 Qh4 22. dxc6 Qxa4 23. cxd7 Qxd7 {1/2-1/2
Sutovskij,E-Alterman,B/Rishon le Zion 1994/CBM 45/[Ernst] (74)}) 18. Bxd6 Nb6
19. Ba6 Bc8 20. Bxc8 Nxc4 21. Qb4 Nxd6 {Rodriguez: Up to here we have been
following a detailed and correct analysis by Ernst in CBM 45 who went a bit
further with both 22.Bxf5 and 22.Ba6. Kobalija finds a third alternative that
happens to be a very interesting one.} 22. Bb7 c5 $2 (22... Rb8 {Rodriguez:
and it is not easy for White to obtain any advantage, for instance:} 23. Rxd6
Qe7 24. Qc4+ Kh8 25. Bxc6 (25. Rhd1 $5 Qxb7 (25... Rxb7 $11) 26. b3) 25... Qxd6
26. Bxe8 Rxe8 27. Rd1 Qb6 $11) (22... Qg5+ $2 {Rodriguez,Am} 23. f4 $18) 23.
Qb3+ c4 24. Qe3 Rb8 25. Bc6 Rf8 (25... Re7 26. Qc5 $18) 26. Qxe5 Qf6 27. Rhe1
Ne4 28. Bd5+ Kg7 29. Qxf6+ Nxf6 30. Re7+ Kh6 31. Bxc4 $16 Rfc8 32. b3 a5 33.
Ra7 Rc5 34. Rd6 Nh5 35. Rdd7 Nf6 36. Rd6 Nh5 37. Rdd7 Nf6 38. Rf7 Rb6 39. Rac7
Re5 40. Rfe7 Rxe7 41. Rxe7 a4 42. Re6 Rxe6 43. Bxe6 axb3 44. a4 Ne8 45. Bxb3
Kg5 46. Kd2 Kf4 47. Kd3 Ke5 48. Kc4 Kd6 49. Kb5 Nc7+ 50. Kb6 g5 51. g3 h5 52.
a5 h4 53. gxh4 gxh4 54. h3 Na8+ 55. Kb7 Nc7 56. Bc4 Kd7 57. Bd3 1-0